00482 2200169 4500245004300000020002200043250001100065700001300076100002000089650002000109005001900129260007600148041001400224084000800238300005700246336000900303 aMengejar HarutocDewi CholidatulhText a978-623-118-016-2 aCet. 1 aFelishia aDewi Cholidatul aFiksi Indonesia a20240902094926 aJakartabKementerian Pendidikan, Kebudayaan, Riset, dan Teknologic2023 aIndonesia a813 aCrimson Text 12/15 pt. vi, 186 hlm., 13,5 x 20 cm. : atext